ბათუმის შოთა რუსთაველის სახელმწიფო უნივერსიტეტის ბიბლიოთეკა

The science of genetics / (ბიბ.ჩანაწერი № 50417)

000 -LEADER
fixed length control field 01440cam a2200409 a 4500
001 - CONTROL NUMBER
control field 2145886
005 - DATE AND TIME OF LATEST TRANSACTION
control field 20200219170537.0
008 - FIXED-LENGTH DATA ELEMENTS--GENERAL INFORMATION
fixed length control field 980427s1999 txua b 001 0 eng d
010 ## - LIBRARY OF CONGRESS CONTROL NUMBER
LC control number 98085629
015 ## - NATIONAL BIBLIOGRAPHY NUMBER
National bibliography number GB99-19831
020 ## - INTERNATIONAL STANDARD BOOK NUMBER
International Standard Book Number 0030332222
035 ## - SYSTEM CONTROL NUMBER
System control number (OCoLC)40699479
040 ## - CATALOGING SOURCE
Original cataloging agency OAU
Transcribing agency OAU
Modifying agency Uk
-- DLC
041 ## - LANGUAGE CODE
Language code of text/sound track or separate title eng
042 ## - AUTHENTICATION CODE
Authentication code lccopycat
050 04 - LIBRARY OF CONGRESS CALL NUMBER
Classification number QH430
Item number .A86 1999
080 ## - UNIVERSAL DECIMAL CLASSIFICATION NUMBER
Universal Decimal Classification number 575 A-90
082 00 - DEWEY DECIMAL CLASSIFICATION NUMBER
Edition number
100 1# - MAIN ENTRY--PERSONAL NAME
Personal name Atherly, Alan G.
9 (RLIN) 7184
245 14 - TITLE STATEMENT
Title The science of genetics /
Statement of responsibility, etc. Alan G. Atherly, Jack R. Girton, John F. McDonald.
264 ## - PRODUCTION, PUBLICATION, DISTRIBUTION, MANUFACTURE, AND COPYRIGHT NOTICE
Place of production, publication, distribution, manufacture Fort Worth :
Name of producer, publisher, distributor, manufacturer Saunders College Publishing,
Date of production, publication, distribution, manufacture, or copyright notice c1999.
300 ## - PHYSICAL DESCRIPTION
Extent xxiii, 704, [48] p. :
Other physical details col. ill. ;
Dimensions 29 cm.
500 ## - GENERAL NOTE
General note Col. ill. on end papers.
504 ## - BIBLIOGRAPHY, ETC. NOTE
Bibliography, etc. note Includes bibliographical references and index.
650 #0 - SUBJECT ADDED ENTRY--TOPICAL TERM
Topical term or geographic name entry element Genetics.
9 (RLIN) 7185
650 #0 - SUBJECT ADDED ENTRY--TOPICAL TERM
Topical term or geographic name entry element Molecular genetics.
9 (RLIN) 7114
650 #0 - SUBJECT ADDED ENTRY--TOPICAL TERM
Topical term or geographic name entry element Evolutionary genetics.
9 (RLIN) 7186
650 #4 - SUBJECT ADDED ENTRY--TOPICAL TERM
Topical term or geographic name entry element Genetics.
9 (RLIN) 7185
653 ## - INDEX TERM--UNCONTROLLED
keyword გენეტიკა
653 ## - INDEX TERM--UNCONTROLLED
keyword ევოლუციური გენეტიკა
700 1# - ADDED ENTRY--PERSONAL NAME
Personal name Girton, Jack R.
9 (RLIN) 7187
700 1# - ADDED ENTRY--PERSONAL NAME
Personal name McDonald, John F.
Fuller form of name (John Francis),
Dates associated with a name 1947-
9 (RLIN) 7188
856 41 - ELECTRONIC LOCATION AND ACCESS
Materials specified Table of contents only
Uniform Resource Identifier http://www.loc.gov/catdir/enhancements/fy1514/98085629-t.html
906 ## - LOCAL DATA ELEMENT F, LDF (RLIN)
a 7
b cbc
c copycat
d 2
e opcn
f 19
g y-gencatlg
942 ## - ADDED ENTRY ELEMENTS (KOHA)
Source of classification or shelving scheme
Koha item type წიგნი
ეგზემპლარები
Withdrawn status Lost status Source of classification or shelving scheme Damaged status Not for loan Permanent Location Current Location Shelving location Date acquired Cost, normal purchase price Full call number Barcode Date last seen Copy number Price effective from Koha item type Public note
          ბათუმის შოთა რუსთაველის სახელმწიფო უნივერსიტეტის მთავარი ბიბლიოთეკა ბათუმის შოთა რუსთაველის სახელმწიფო უნივერსიტეტის მთავარი ბიბლიოთეკა წიგნსაცავი 2018-12-17 90.00 575 A-90 668 2018-12-17 668 2018-12-17 წიგნი 90 ლ.